Les droits de l'homme et l'enseignement
Αποθηκεύτηκε σε:
| Συγγραφή απο Οργανισμό/Αρχή: | |
|---|---|
| Μορφή: | Βιβλίο |
| Γλώσσα: | French |
| Δημοσίευση: |
Paris :
Service d' edition et de Vente des Publications de l' education Nationale,
[1952]
|
| Σειρά: | Memoires et documents de scolaires ;
; 5 |
| Θέματα: | |
| Ετικέτες: |
Προσθήκη ετικέτας
Δεν υπάρχουν, Καταχωρήστε ετικέτα πρώτοι!
|
MARC
| LEADER | 00000cam a2200000 i 4500 | ||
|---|---|---|---|
| 001 | 1/99614 | ||
| 008 | 081216s1952 fre d | ||
| 035 | |l 10102533 | ||
| 040 | |a GR-MY-UA |b gre |e aacr | ||
| 041 | 0 | |a fre | |
| 082 | 0 | |a 341.48 |2 (22) | |
| 245 | 1 | 4 | |a Les droits de l'homme et l'enseignement / |c [Musee pedagogique] |
| 260 | |a Paris : |b Service d' edition et de Vente des Publications de l' education Nationale, |c [1952] | ||
| 300 | |a 87 σ.; |c 24 εκ. | ||
| 490 | 1 | |a Memoires et documents scolaires |v ; 5 | |
| 610 | 2 | 0 | |a Unesco. |
| 650 | 0 | 0 | |a Human rights |z France |x History. |
| 710 | 2 | |a Musee pedagogique (France) | |
| 830 | 0 | |a Memoires et documents de scolaires ; |v ; 5 | |
| 852 | |a INST |b RHODES |c AKA |e 20081216 |h 341.48 DRO |p 005400031510 |q 005400031510 |t BK |y 0 | ||
| 901 | |a BIBL4-2008-3 | ||
| 909 | |a Ρ |b 156572 | ||
| 970 | |a ΚΟΖΑ |b ΜΑΡΙΑ |z 2008/12/16 | ||